Errate das Album nach dem Cover #1 - Statistiken

Allgemein
  • Dieses Quiz wurde 119 mal gespielt
  • Das Durchschnittsergebnis liegt bei 7 aus 16
Antwortstatistiken
Bildquiz Antwort % Korrekt
Nirvana - Nevermind
85%
Lana Del Rey - Born to Die
70%
Amy Winehouse - Back to Black
66%
Linkin Park - Hybrid Theory
61%
Eminem - Recovery
60%
Phil Collins - Face Value
60%
Adele - 19
53%
Red Hot Chili Peppers - Californication
45%
Alligatoah - Triebwerke
43%
Limp Bizkit - Chocolate Starfish and the Hot Dog Flavored Water
43%
The Clash - London Calling
40%
Frank Ocean - Blonde
34%
Nas - Illmatic
24%
Beastie Boys - Licensed to Ill
20%
Korn - Korn
15%
The Cure - Boys Don’t Cry
7%
Keine übereinstimmenden Quizze gefunden
Verteilung der Resultate
Anzahl Personen mit jedem Resultat
Perzentil nach korrekt beantworteten Fragen
Ihre Resultats-Entwicklung
Sie haben dieses Quiz noch nicht gespielt